25 Facts About Thomas Jefferson Quiz Stats

 Plays Quiz Updated Dec 24, 2017

Challenge
Share
Tweet
Embed
Score 0/25 Timer 08:00
1 Play Today
% Correct
Declaration of Independence
91.4%
violin
90.8%
lawyer
90.3%
Virginia
90.1%
swivel chair
89.3%
grizzly bear cubs
89.2%
French fries
88.4%
Louisiana Territory
88.1%
France
84.8%
Sally Hemings
84.5%
Martha Wayles Skelton
84.5%
Black Hoof
84.5%
public speaking
83.8%
% Correct
George Washington
83.6%
1807
83.5%
John Adams
82.2%
mastodon
78.6%
Meriwether Lewis
77.3%
Spain
75.8%
Barbary pirates
71.8%
1785
71.3%
Aaron Burr
65.8%
The White House
65.2%
Charles C. Pinckney
62.3%
George Clinton
49.8%

You're not logged in!

Compare scores with friends on all Sporcle quizzes.
OR
Log In

You Might Also Like...

Show Comments

Extras

Top Quizzes Today


Score Distribution

Your Account Isn't Verified!

In order to create a playlist on Sporcle, you need to verify the email address you used during registration. Go to your Sporcle Settings to finish the process.

Report this User

Report this user for behavior that violates our Community Guidelines.

Details: